Normal view
MARC view
- R.E Institute, Chatham
Entry Personal Name
001 - CONTROL NUMBER
- control field: 48990
003 - CONTROL NUMBER IDENTIFIER
- control field: NUST
005 - DATE AND TIME OF LATEST TRANSACTION
- control field: 20210314134219.0
008 - FIXED-LENGTH DATA ELEMENTS
- fixed length control field: 210314|| aca||aabn | a|a d
040 ## - CATALOGING SOURCE
- Original cataloging agency: NUST
- Transcribing agency: NUST
100 ## - HEADING--PERSONAL NAME
- Personal name: R.E Institute, Chatham
670 ## - SOURCE DATA FOUND
- Source citation: Work cat.: (NUST): R.E Institute, Chatham, Work of R.E in the european war 1914-19, 1914.
